| 000 | 01712nam a2200325 i 4500 | ||
|---|---|---|---|
| 001 | 163983 | ||
| 003 | ES-MaACL | ||
| 005 | 20250626063211.0 | ||
| 008 | 980908s1881 sp afh |||| | spa d | ||
| 080 | _a003.321 | ||
| 100 | 1 |
_aRosny, León de, _d1837-1914 _9155491 |
|
| 245 | 1 | 0 |
_aEnsayo sobre la interpretación de la escritura hierática de la América Central / _cpor Leon de Rosny ; traducción anotada y precedida de un prólogo por Juan de Dios de la Rada y Delgado. |
| 260 |
_aMadrid : _b[s.n.], _c1881 ( _fImp. y Fundición de Manuel Tello) |
||
| 300 |
_aXXI, 113, [5] p., XX h. de lám. : _bil. ; _c46 cm. |
||
| 505 | 8 |
_aContiene: Apéndice 1 ; _tManuscrito de Diego de Landa tomado directamente del único ejemplar que se conoce y se conserva en la Academia de la Historia - Apéndice 2 ; _tManuscrito figurativo, con palabras aztecas escritas con caracteres españoles el año 1526, que se conserva en el Museo de Artillería de Madrid |
|
| 510 | 4 |
_aPALAU, _c278865 |
|
| 530 | _aDisponible en formato digital. | ||
| 595 | _aTirada de 200 ejemplares. | ||
| 596 | _aEn el pie de imp. de cub. aparece 1884. | ||
| 597 | _aAntep. | ||
| 597 | _aPort. con esc. real xil. | ||
| 599 | _aLas h. de lám. son facsímiles de manuscritos en col. y n. | ||
| 599 | _aH. de lám.: "Imp. Lemercier & C\pe\s París", "JBust.\pe\s lit.ª, Lit. "Las Artes", Madrid" | ||
| 650 | 4 |
_aEscritura maya. _9155487 |
|
| 700 | 1 |
_aRada y Delgado, Juan de Dios de la. _994904 |
|
| 752 |
_aEspaña - _dMadrid |
||
| 852 |
_aES-MaACL _jB-15 _z- Enc. cart. |
||
| 856 |
_uhttp://bvpb.mcu.es/es/consulta/registro.cmd?id=469690 _zBiblioteca Virtual de Patrimonio Bibliográfico |
||
| 999 |
_c163983 _d163983 |
||